000
00324nam a2200157Ia 4500
100
_a
Dara/S.S
650
_a
Chemistry
942
_c
BK
654
_a
chemistry
245
_a
Textbook of Engineering Chemistry
260
_b
S.Chand & co
_c
1986
082
_a
540
_b
DAR
300
_a
762
546
_a
ENGLISH
999
_c
32473
_d
32473